LEADER 03454nam 2200709Ia 450 001 9910454682303321 005 20200520144314.0 010 $a1-282-50152-6 010 $a9786612501524 010 $a1-55458-111-7 035 $a(CKB)1000000000713453 035 $a(EBL)685763 035 $a(OCoLC)236362188 035 $a(SSID)ssj0000417844 035 $a(PQKBManifestationID)11287993 035 $a(PQKBTitleCode)TC0000417844 035 $a(PQKBWorkID)10371041 035 $a(PQKB)11595363 035 $a(CaPaEBR)420966 035 $a(CaBNvSL)thg00604286 035 $a(MiAaPQ)EBC3255590 035 $a(MiAaPQ)EBC685763 035 $a(MdBmJHUP)muse14675 035 $a(Au-PeEL)EBL685763 035 $a(CaPaEBR)ebr10227078 035 $a(CaONFJC)MIL250152 035 $a(EXLCZ)991000000000713453 100 $a20070709d2007 uy 0 101 0 $aeng 135 $aur|n|---||||| 181 $ctxt 182 $cc 183 $acr 200 10$aFlorence Nightingale on social change in India$b[electronic resource] /$fGe?rard Valle?e, editor ; Lynn McDonald, general editor 210 $aWaterloo, Ont. $cWilfrid Laurier University Press$dc2007 215 $a1 online resource (975 p.) 225 1 $aThe collected works of Florence Nightingale ;$vv. 10 300 $aDescription based upon print version of record. 311 $a0-88920-495-0 320 $aIncludes bibliographical references (p. 925-930) and index. 327 $aContents; Acknowledgments; Dramatis Personae; List of Illustrations; Florence Nightingale: A Pre?cis of Her Life; Introduction to Volume 10; Key to Editing; Implementing Sanitary Reform; Village and Town Sanitation; Land Tenure and Rent Reform; Reform in Credit, Co-operatives, Education and Agriculture; The Condition of Women in India; Social and Political Evolution; Nightingale's Last Work on India and a Retrospective; Appendix A: Biographical Sketches; Appendix B: British Officials in Nightingale's Time; Appendix C: Spelling of Indian Place Names; Glossary; Bibliography; Index 330 $a Social Change in India shows the shift of focus that occurred during Florence Nightingale's more than forty years of work on public health in India. While the focus in the preceding volume, Health in India, was top-down reform, notably in the Royal Commission on the Sanitary State of the Army in India, this book documents concrete proposals for self-government, especially at the municipal level, and the encouragement of leading Indian nationals themselves. Famine and related epidemics continue to be issues, demonstrating the need for public works like irrigation and for great 606 $aPublic health$zIndia$xHistory$y19th century 606 $aSocial change$zIndia$xHistory$y19th century 607 $aIndia$xPolitics and government$y1857-1919 607 $aIndia$xSocial conditions$y19th century 608 $aElectronic books. 615 0$aPublic health$xHistory 615 0$aSocial change$xHistory 676 $a306.0954 676 $a306.095409034 676 $a954.03 700 $aNightingale$b Florence$f1820-1910.$0472942 701 $aMcDonald$b Lynn$f1940-$0856191 701 $aValle?e$b Ge?rard$f1933-$0397452 801 0$bMiAaPQ 801 1$bMiAaPQ 801 2$bMiAaPQ 906 $aBOOK 912 $a9910454682303321 996 $aFlorence Nightingale on social change in India$92180216 997 $aUNINA LEADER 05053nam 2201057Ia 450 001 996248170303316 005 20240410063330.0 010 $a0-520-93839-9 010 $a1-59734-729-9 010 $a9786612357985 010 $a1-282-35798-0 024 7 $a10.1525/9780520938397 035 $a(CKB)1000000000004866 035 $a(EBL)223461 035 $a(OCoLC)475928028 035 $a(SSID)ssj0000195997 035 $a(PQKBManifestationID)11182126 035 $a(PQKBTitleCode)TC0000195997 035 $a(PQKBWorkID)10141224 035 $a(PQKB)11624103 035 $a(MiAaPQ)EBC223461 035 $a(OCoLC)55749725 035 $a(MdBmJHUP)muse30422 035 $a(DE-B1597)520530 035 $a(DE-B1597)9780520938397 035 $a(Au-PeEL)EBL223461 035 $a(CaPaEBR)ebr10058542 035 $a(CaONFJC)MIL235798 035 $a(dli)HEB08927 035 $a(MiU)MIU01000000000000011661702 035 $a(EXLCZ)991000000000004866 100 $a20040815d2002 my 0 101 0 $aeng 135 $aur|||||||nn|n 181 $ctxt$2rdacontent 182 $cc$2rdamedia 183 $acr$2rdacarrier 200 14$aThe making of revolutionary Paris /$fDavid Garrioch 205 $a1st ed. 210 1$aBerkeley :$cUniversity of California Press,$d2002. 215 $a1 online resource (397 pages) 311 0 $a0-520-23253-4 311 0 $a0-520-24327-7 320 $aIncludes bibliographical references and index. 327 $tFront matter --$tCONTENTS --$tILLUSTRATIONS --$tACKNOWLEDGMENTS --$tINTRODUCTION --$tPART I. THE SOCIAL ORDER OF CUSTOMARY PARIS --$tPART II. CITY GOVERNMENT AND POPULAR DISCONTENT --$tPART III. MAKING A NEW ROME --$tEPILOGUE. The New Paris --$tNOTES --$tSELECTED READING --$tINDEX 330 $aThe sights, sounds, and smells of life on the streets and in the houses of eighteenth-century Paris rise from the pages of this marvelously anecdotal chronicle of a perpetually alluring city during one hundred years of extraordinary social and cultural change. An excellent general history as well as an innovative synthesis of new research, The Making of Revolutionary Paris combines vivid portraits of individual lives, accounts of social trends, and analyses of significant events as it explores the evolution of Parisian society during the eighteenth century and reveals the city's pivotal role in shaping the French Revolution. David Garrioch rewrites the origins of the Parisian Revolution as the story of an urban metamorphosis stimulated by factors such as the spread of the Enlightenment, the growth of consumerism, and new ideas about urban space. With an eye on the broad social trends emerging during the century, he focuses his narrative on such humble but fascinating aspects of daily life as traffic congestion, a controversy over the renumbering of houses, and the ever-present dilemma of where to bury the dead. He describes changes in family life and women's social status, in religion, in the literary imagination, and in politics. Paris played a significant role in sparking the French Revolution, and in turn, the Revolution changed the city, not only its political structures but also its social organization, gender ideologies, and cultural practices. This book is the first to look comprehensively at the effect of the Revolution on city life. Based on the author's own research in Paris and on the most current scholarship, this absorbing book takes French history in new directions, providing a new understanding of the Parisian and the European past. 606 $aHISTORY / Europe / General$2bisacsh 607 $aParis (France)$xHistory$y18th century 607 $aParis (France)$xHistory$y1715-1789 607 $aParis (France)$xSocial life and customs$y18th century 610 $a18th century. 610 $aanecdotal. 610 $aburial issues. 610 $aconsumerism. 610 $acultural change. 610 $acultural history. 610 $aenlightenment. 610 $aeuropean history. 610 $afamily changes. 610 $afrance. 610 $afrench history. 610 $afrench revolution. 610 $agender ideologies. 610 $ahistorians. 610 $ahistory buffs. 610 $ahouse numbering. 610 $aliterary. 610 $anonfiction. 610 $aparis. 610 $aparisian revolution. 610 $aparisian society. 610 $arevolutionaries. 610 $asocial change. 610 $asocial organization. 610 $asocial status. 610 $asocial trends. 610 $asociology. 610 $atraffic congestion. 610 $aurban landscape. 610 $awomens status. 615 7$aHISTORY / Europe / General. 676 $a944 686 $aNR 8720$qHBZ$2rvk 700 $aGarrioch$b David$0615520 801 0$bMiAaPQ 801 1$bMiAaPQ 801 2$bMiAaPQ 906 $aBOOK 912 $a996248170303316 996 $aThe making of revolutionary Paris$92353908 997 $aUNISA